<?xml version="1.0" encoding="UTF-8"?>
<record
    xmlns:xsi="http://www.w3.org/2001/XMLSchema-instance"
    xsi:schemaLocation="http://www.loc.gov/MARC21/slim http://www.loc.gov/standards/marcxml/schema/MARC21slim.xsd"
    xmlns="http://www.loc.gov/MARC21/slim">

  <leader>03760cam a22003135a 4500</leader>
  <controlfield tag="001">ocm50144841</controlfield>
  <controlfield tag="003">OSt</controlfield>
  <controlfield tag="005">20151029111715.0</controlfield>
  <controlfield tag="008">020710t2002    nyu    fr     000 0 eng d</controlfield>
  <datafield tag="020" ind1=" " ind2=" ">
    <subfield code="a">0785814531 (hc)</subfield>
  </datafield>
  <datafield tag="020" ind1=" " ind2=" ">
    <subfield code="a">9780785814535 (hc)</subfield>
  </datafield>
  <datafield tag="040" ind1=" " ind2=" ">
    <subfield code="a">EOW</subfield>
    <subfield code="b">eng</subfield>
    <subfield code="c">EOW</subfield>
    <subfield code="d">IHI</subfield>
    <subfield code="d">OCLCQ</subfield>
    <subfield code="d">SPP</subfield>
    <subfield code="d">CQC</subfield>
    <subfield code="d">BAKER</subfield>
    <subfield code="d">FVC</subfield>
    <subfield code="d">YDXCP</subfield>
    <subfield code="d">OSU</subfield>
    <subfield code="d">AU@</subfield>
    <subfield code="d">VP@</subfield>
    <subfield code="d">HALAN</subfield>
    <subfield code="d">TXBXL</subfield>
    <subfield code="d">OCLCQ</subfield>
    <subfield code="d">OCLCF</subfield>
    <subfield code="d">EG-ScBUE</subfield>
  </datafield>
  <datafield tag="082" ind1="0" ind2="4">
    <subfield code="a">811.3</subfield>
    <subfield code="2">22</subfield>
    <subfield code="b">POE</subfield>
  </datafield>
  <datafield tag="100" ind1="1" ind2=" ">
    <subfield code="a">Poe, Edgar Allan,</subfield>
    <subfield code="d">1809-1849</subfield>
    <subfield code="9">38605</subfield>
  </datafield>
  <datafield tag="245" ind1="1" ind2="4">
    <subfield code="a">The complete tales &amp; poems of Edgar Allan Poe /</subfield>
    <subfield code="c">introduction Wilbur S. Scott.</subfield>
  </datafield>
  <datafield tag="246" ind1="3" ind2=" ">
    <subfield code="a">The complete tales and poems of Edgar Allan Poe</subfield>
  </datafield>
  <datafield tag="260" ind1=" " ind2=" ">
    <subfield code="a">New York :</subfield>
    <subfield code="b">Castle Books,</subfield>
    <subfield code="c">c.2002.</subfield>
  </datafield>
  <datafield tag="300" ind1=" " ind2=" ">
    <subfield code="a">xiv, 842 p. ;</subfield>
    <subfield code="c">24 cm.</subfield>
  </datafield>
  <datafield tag="505" ind1="0" ind2="0">
    <subfield code="t">Unparalleled adventure of one Hans Pfaall --</subfield>
    <subfield code="t">Balloon-hoax --</subfield>
    <subfield code="t">Mesmeric revelation --</subfield>
    <subfield code="t">Ms. found in a bottle --</subfield>
    <subfield code="t">Descent into the maelstr&#xF6;m --</subfield>
    <subfield code="t">Von Kempelen and his discovery --</subfield>
    <subfield code="t">Gold-bug --</subfield>
    <subfield code="t">Facts in the case of M. Valdemar --</subfield>
    <subfield code="t">Thousand-and-second tale of Scheherazade --</subfield>
    <subfield code="t">Murders in the Rue Morgue --</subfield>
    <subfield code="t">Mystery of Marie Rog&#xEA;t --</subfield>
    <subfield code="t">Fall of the House of Usher --</subfield>
    <subfield code="t">Purloined letter --</subfield>
    <subfield code="t">Tell-tale heart --</subfield>
    <subfield code="t">Black cat --</subfield>
    <subfield code="t">Imp of the perverse --</subfield>
    <subfield code="t">Premature burial --</subfield>
    <subfield code="t">Island of the fay --</subfield>
    <subfield code="t">Cask of Amontillado --</subfield>
    <subfield code="t">Pit and the pendulum --</subfield>
    <subfield code="t">Oval portrait --</subfield>
    <subfield code="t">Masque of the red death --</subfield>
    <subfield code="t">Assignation --</subfield>
    <subfield code="t">System of Doctor Tarr and Professor Fether --</subfield>
    <subfield code="t">Mystification --</subfield>
    <subfield code="t">How to write a Blackwood article --</subfield>
    <subfield code="t">Predicament --</subfield>
    <subfield code="t">Literary life of Thingum Bob, Esq.--</subfield>
    <subfield code="t">Diddling --</subfield>
    <subfield code="t">X-ing a paragrab --</subfield>
    <subfield code="t">Angel of the odd --</subfield>
    <subfield code="t">Loss of breath --</subfield>
    <subfield code="t">Business man --</subfield>
    <subfield code="t">Mellonta Tauta --</subfield>
    <subfield code="t">Man that was used up --</subfield>
    <subfield code="t">Maelzel's chess-player --</subfield>
    <subfield code="t">Power of words --</subfield>
    <subfield code="t">Conversation of Eiros and Charmion --</subfield>
    <subfield code="t">Colloquy of Monos and Una --</subfield>
    <subfield code="t">Silence, a fable --</subfield>
    <subfield code="t">Shadow, a parable --</subfield>
    <subfield code="t">Tale of Jerusalem --</subfield>
    <subfield code="t">Philosophy of furniture --</subfield>
    <subfield code="t">Sphinx --</subfield>
    <subfield code="t">Man of the crowd --</subfield>
    <subfield code="t">"Thou art the man" --</subfield>
    <subfield code="t">Hop-frog --</subfield>
    <subfield code="t">Never bet the Devil your head --</subfield>
    <subfield code="t">Four beasts in one --</subfield>
    <subfield code="t">Why the little Frenchman wears his hand in a sling --</subfield>
    <subfield code="t">Some words with a mummy --</subfield>
    <subfield code="t">Bon-bon --</subfield>
    <subfield code="t">Magazine-writing, Peter Snook --</subfield>
    <subfield code="t">Review of Stephens' "Arabia petr&#xE6;e" --</subfield>
    <subfield code="t">Quacks of Helicon, a satire --</subfield>
    <subfield code="t">Astoria --</subfield>
    <subfield code="t">Domain of Arnheim --</subfield>
    <subfield code="t">Landor's cottage --</subfield>
    <subfield code="t">William Wilson --</subfield>
    <subfield code="t">Ligeia --</subfield>
    <subfield code="t">Berenice --</subfield>
    <subfield code="t">Morella --</subfield>
    <subfield code="t">Eleonara --</subfield>
    <subfield code="t">Metzengerstein --</subfield>
    <subfield code="t">Tale of the Ragged Mountains --</subfield>
    <subfield code="t">Oblong box --</subfield>
    <subfield code="t">Duc de l'Omelette --</subfield>
    <subfield code="t">Spectacles --</subfield>
    <subfield code="t">King pest --</subfield>
    <subfield code="t">Three Sundays in a week --</subfield>
    <subfield code="t">Devil in the belfry --</subfield>
    <subfield code="t">Lionizing --</subfield>
    <subfield code="t">Narrative of a Gordon Pym.</subfield>
  </datafield>
  <datafield tag="505" ind1="0" ind2="0">
    <subfield code="g">Poems:</subfield>
    <subfield code="t">Raven --</subfield>
    <subfield code="t">Lenore --</subfield>
    <subfield code="t">Valentine --</subfield>
    <subfield code="t">Hymn --</subfield>
    <subfield code="t">Coliseum --</subfield>
    <subfield code="t">To-- --</subfield>
    <subfield code="t">Ulalume --</subfield>
    <subfield code="t">To Helen --</subfield>
    <subfield code="t">Enigma --</subfield>
    <subfield code="t">Annabel Lee --</subfield>
    <subfield code="t">To one in paradise --</subfield>
    <subfield code="t">Bells --</subfield>
    <subfield code="t">To my mother --</subfield>
    <subfield code="t">Haunted palace --</subfield>
    <subfield code="t">Conqueror worm --</subfield>
    <subfield code="t">To F-s S. O-d --</subfield>
    <subfield code="t">Valley of unrest --</subfield>
    <subfield code="t">City in the sea --</subfield>
    <subfield code="t">Sleeper --</subfield>
    <subfield code="t">Dream within a dream --</subfield>
    <subfield code="t">Silence --</subfield>
    <subfield code="t">Dream-land --</subfield>
    <subfield code="t">Eulalie --</subfield>
    <subfield code="t">To Zante --</subfield>
    <subfield code="t">Bridal ballad --</subfield>
    <subfield code="t">To F-- --</subfield>
    <subfield code="t">Eldorado --</subfield>
    <subfield code="t">Israfel --</subfield>
    <subfield code="t">For Annie --</subfield>
    <subfield code="t">Scenes from "Politian" --</subfield>
    <subfield code="t">Sonnet to science --</subfield>
    <subfield code="t">Aaraaf --</subfield>
    <subfield code="t">To the River-- --</subfield>
    <subfield code="t">Tamerlane --</subfield>
    <subfield code="t">Dream --</subfield>
    <subfield code="t">Lake to-- --</subfield>
    <subfield code="t">To M.L.S.--</subfield>
    <subfield code="t">Spirits of the dead --</subfield>
    <subfield code="t">Dreams --</subfield>
    <subfield code="t">Evening star --</subfield>
    <subfield code="t">Alone --</subfield>
    <subfield code="t">P&#xE6;an --</subfield>
    <subfield code="t">Fairy-land --</subfield>
    <subfield code="t">Romance --</subfield>
    <subfield code="t">"In youth I have known one."</subfield>
  </datafield>
  <datafield tag="520" ind1=" " ind2=" ">
    <subfield code="a">Features a comprehensive collection of the author's works, including such classics as "The Fall of the House of Usher" and "The Raven" and lesser-known works such as "Loss of Breath" and "Spirits of the Dead."</subfield>
  </datafield>
  <datafield tag="650" ind1=" " ind2="0">
    <subfield code="a">Short stories, American</subfield>
    <subfield code="y">19th century.</subfield>
    <subfield code="2">BUEsh</subfield>
  </datafield>
  <datafield tag="650" ind1=" " ind2="0">
    <subfield code="a">American poetry</subfield>
    <subfield code="y">19th century.</subfield>
    <subfield code="2">BUEsh</subfield>
  </datafield>
  <datafield tag="650" ind1=" " ind2="0">
    <subfield code="a">Horror tales, American</subfield>
    <subfield code="y">19th century.</subfield>
    <subfield code="2">BUEsh</subfield>
  </datafield>
  <datafield tag="651" ind1=" " ind2=" ">
    <subfield code="2">BUEsh</subfield>
  </datafield>
  <datafield tag="653" ind1=" " ind2=" ">
    <subfield code="b">EEENG</subfield>
    <subfield code="c">July2015</subfield>
    <subfield code="c">October2015</subfield>
  </datafield>
  <datafield tag="700" ind1="1" ind2=" ">
    <subfield code="a">Scott, Wilbur S.</subfield>
    <subfield code="q">(Wilbur Stewart),</subfield>
    <subfield code="d">1914-2005,</subfield>
    <subfield code="e">author of introduction, etc.</subfield>
  </datafield>
  <datafield tag="942" ind1=" " ind2=" ">
    <subfield code="2">ddc</subfield>
  </datafield>
  <datafield tag="999" ind1=" " ind2=" ">
    <subfield code="c">20218</subfield>
    <subfield code="d">20190</subfield>
  </datafield>
  <datafield tag="952" ind1=" " ind2=" ">
    <subfield code="0">0</subfield>
    <subfield code="1">0</subfield>
    <subfield code="2">ddc</subfield>
    <subfield code="4">0</subfield>
    <subfield code="7">0</subfield>
    <subfield code="8">Baccah</subfield>
    <subfield code="a">MAIN</subfield>
    <subfield code="b">MAIN</subfield>
    <subfield code="c">2ND</subfield>
    <subfield code="d">2015-07-06</subfield>
    <subfield code="e">purchase</subfield>
    <subfield code="g">111.00</subfield>
    <subfield code="h">22696</subfield>
    <subfield code="l">1</subfield>
    <subfield code="o">811.3 POE</subfield>
    <subfield code="p">000039348</subfield>
    <subfield code="q">2016-10-09</subfield>
    <subfield code="r">2016-09-06 00:00:00</subfield>
    <subfield code="s">2016-09-06</subfield>
    <subfield code="v">139.00</subfield>
    <subfield code="y">BB</subfield>
  </datafield>
</record>
